LEADER 01958nam a2200325 u 4500 001 000000002108 003 CaOOAMICUS 005 20070226104403.0 008 941103s1989 it u000 u fre u 020 $a2-7283-0188-3 035 $a10053245 040 $aEFR$bita 041 0 $afre$aita$aeng 245 03$aLe deuxième Concile du Vatican (1959-1965) :$bactes du colloque organisé par l'Ecole française de Rome en collaboration avec l'Université de Lille III, l'Istituto per le scienze religiose de Bologne et le Dipartimento di studi storici del Medioevo e dell'età contemporanea de l'Università di Roma-La Sapienza (Rome 28-30 mai 1986) 260 $aRome :$bEcole française,$c1989. 300 $axx, 867 p. ;$c25 cm 490 1 $aCollection de l'Ecole française de Rome ;$v113 611 24$aConcilium Vaticanum$n(2 :$d1962-1965).$0(OLS)http://pul/subject/71 710 2 $aEcole française de Rome.$0(OLS)http://pul/name/237 830 0$aCollection de l'Ecole française de Rome,$x0223-5099 ;$v113.$0(OLS)http://pul/title/3487 850 $aPUL 852 $aPUL$W1$xSL Religione 1$y3$m30 L 56$j2803$nBK-PRI$qStampati$q $B2803$CPULBib$Z2$F2803 $H $81 852 $aPUL$W1$xDP1 Fondo Maccarrone$y58$m1527 F 89$j193851$b2. copia$qFondi$B199240$CPULBib$Z2$F199240 $81 941 1 $a1 941 1 $a8 960 $aConcilio Vaticano II (1962-1965)$971 961 $aINV: 81315 996 $6020$a2-7283-0188-3$9(OLS)http://pul/number/2812 996 $6245$aLe deuxième Concile du Vatican (1959-1965) :$bactes du colloque organisé par l'Ecole française de Rome en collaboration avec l'Université de Lille III, l'Istituto per le scienze religiose de Bologne et le Dipartimento di studi storici del Medioevo e dell'età contemporanea de l'Università di Roma-La Sapienza (Rome 28-30 mai 1986)$9(OLS)http://pul/title/3129 996 $6260$aRome :$bEcole française$9(OLS)http://pul/publisher/47988 LEADER 01056nam a2200253 a 4500 001 000000167409 003 CaOOAMICUS 005 20180427153033.0 008 180427s1997 it u000 u ita r 032 $aLibriCat 040 $aPUL$bita 245 02$aI vangeli gnostici : $bvangeli di Tomaso, Maria, Verità, Filippo / $ca cura di Luigi Moraldi . 260 $aMilano :$bFabbri,$c©1997. 300 $axi, 223 p. ;$c20 cm. 490 1 $aI classici dello spirito 650 4$aVangeli gnostici.$0(OLS)http://pul/subject/45440 700 1 $aMoraldi, Luigi,$cI.M.C.$0(OLS)http://pul/name/13567 830 2$aI classici dello spirito (Fabbri).$0(OLS)http://pul/title/207439 850 $aPUL 852 $aPUL$W1$xDP1 Fondo Dalla Palma$y117$m3 A 52$j115698$qFondi$B194977$CPULBib$Z2$F194977 $HDal1658 $81 941 1 $a1 996 $6245$aI vangeli gnostici : $bvangeli di Tomaso, Maria, Verità, Filippo / $9(OLS)http://pul/title/207438 996 $6260$aMilano :$bFabbri$9(OLS)http://pul/publisher/55162